Select world constitutions / (Record no. 136360)

MARC details
000 -LEADER
fixed length control field 00676nam a2200217 4500
010 ## - LIBRARY OF CONGRESS CONTROL NUMBER
LC control number B-121588
020 ## - INTERNATIONAL STANDARD BOOK NUMBER
International Standard Book Number 8176295744
Terms of availability 4200.00 (set)
035 ## - SYSTEM CONTROL NUMBER
System control number B-121588
037 ## - SOURCE OF ACQUISITION
Stock number Cen Lib/Ret
040 ## - CATALOGING SOURCE
Original cataloging agency DPL
Language of cataloging EN
082 ## - DEWEY DECIMAL CLASSIFICATION NUMBER
Classification number 342
Item number SHA
100 ## - MAIN ENTRY--PERSONAL NAME
Personal name Sharma, Gokulesh
245 ## - TITLE STATEMENT
Title Select world constitutions /
Statement of responsibility, etc by Gokulesh Sharma
260 ## - PUBLICATION, DISTRIBUTION, ETC. (IMPRINT)
Place of publication, distribution, etc New Delhi
Name of publisher, distributor, etc Deep & Deep Publications
Date of publication, distribution, etc 2005
270 ## - ADDRESS
Address F-459, Rajorui Garden
City New Delhi
Postal code 110027
300 ## - PHYSICAL DESCRIPTION
Extent 2 v. ( v 1. 683 ; v 2. 689-1348)
490 ## - SERIES STATEMENT
Series statement 2 v. ; v 1. (avalivale) ; v 2. (avalivale)
650 ## - SUBJECT ADDED ENTRY--TOPICAL TERM
Topical term or geographic name as entry element world constitutions
650 ## - SUBJECT ADDED ENTRY--TOPICAL TERM
Topical term or geographic name as entry element world constitutions
942 ## - ADDED ENTRY ELEMENTS (KOHA)
Source of classification or shelving scheme Dewey Decimal Classification
Koha item type English Books
Classification part 342
Call number prefix SHA
Holdings
Withdrawn status Lost status Materials specified (bound volume or other part) Damaged status Not for loan Collection code Home library Current library Date acquired Source of acquisition Cost, normal purchase price Total Checkouts Full call number Barcode Date last seen Copy number Cost, replacement price Price effective from Koha item type
    v.1   Not For Loan Reference Central Library Central Library 26/02/2016 Cen Lib/Ret 4200.00   342 SHA B-121588 26/02/2016 1 4200.00 26/02/2016 English Books
    v.2   Not For Loan Reference Central Library Central Library 26/02/2016 Cen Lib/Ret 4200.00   342 SHA A-121596 26/02/2016 2 4200.00 26/02/2016 English Books

© Delhi Public Library
Hit Counter
free hit counter